000 00383nam a22001697a 4500
005 20160530145118.0
008 160530b xxu||||| |||| 00| 0 eng d
020 _a90-772560-1-6
041 _aeng
082 _b6133
100 _aWillson, Larry
_91547
245 _aWin-Win Selling
260 _bWilson Larry Library
300 _a157
650 _aManagement
_9241
942 _cBK
999 _c2185
_d2184